Ochrana spotrebiteľa v cestovnom ruchu bakalárska práca

Gespeichert in:
Bibliographische Detailangaben
1. Verfasser: Miklóšová, Eva
Körperschaft: Obchodná fakulta EU. Katedra obchodného práva
Weitere Verfasser: Lukačovičová, Iva
Format: Buch
Sprache:Slowakisch
Veröffentlicht: Bratislava 2011
Tags: Tag hinzufügen
Keine Tags, Fügen Sie das erste Tag hinzu!

MARC

LEADER 00000nam a2200000 4500
001 0151481
005 20240320072114.2
041 0 |a slo 
044 |a SK 
245 1 0 |a Ochrana spotrebiteľa v cestovnom ruchu  |b bakalárska práca  |c Eva Miklóšová ; školiteľ: Iva Lukačovičová 
264 1 |a Bratislava  |c 2011 
300 |a 45 s. 
100 1 |a Miklóšová, Eva 
700 1 |a Lukačovičová, Iva 
710 2 |a Obchodná fakulta EU. Katedra obchodného práva